Text book of dynamics / (Record no. 7450)
[ view plain ]
| 000 -LEADER | |
|---|---|
| fixed length control field | 00297cam a2200121ua 4500 |
| 082 ## - DEWEY DECIMAL CLASSIFICATION NUMBER | |
| Classification number | 531.3 |
| Item number | CHA/TE |
| 100 ## - MAIN ENTRY--AUTHOR NAME | |
| Personal name | Charlton, F . |
| 245 ## - TITLE STATEMENT | |
| Title | Text book of dynamics / |
| 250 ## - EDITION STATEMENT | |
| Edition statement | 2 / |
| 260 ## - PUBLICATION, DISTRIBUTION, ETC. (IMPRINT) | |
| Place of publication | New Delhi : |
| Name of publisher | C B S Publishers & Distributers , |
| Year of publication | 1985. |
| 300 ## - PHYSICAL DESCRIPTION | |
| Number of Pages | 271 ; . |
| 942 ## - ADDED ENTRY ELEMENTS (KOHA) | |
| Koha item type | Books |
| Withdrawn status | Lost status | Damaged status | Home library | Current library | Date acquired | Full call number | Accession Number | Koha item type |
|---|---|---|---|---|---|---|---|---|
| KAUAET | KAUAET | 20/08/1986 | 531.3 CHA/TE | 15459 | Books |
